LAW OF ACQUISITION OF LAND IN INDIA (Record no. 31282)

MARC details
000 -LEADER
fixed length control field 00379nam a22001457a 4500
003 - CONTROL NUMBER IDENTIFIER
control field SGT
020 ## - INTERNATIONAL STANDARD BOOK NUMBER
International Standard Book Number 8171771912
082 ## - DEWEY DECIMAL CLASSIFICATION NUMBER
Classification number 346.054
Item number SAR
100 ## - MAIN ENTRY--PERSONAL NAME
Personal name SARKAR P K
245 ## - TITLE STATEMENT
Title LAW OF ACQUISITION OF LAND IN INDIA
Remainder of title INCLUDING REQUISITION & ACQUISITION OF IMMOVABLE PROPERTY
250 ## - EDITION STATEMENT
Edition statement 2
260 ## - PUBLICATION, DISTRIBUTION, ETC. (IMPRINT)
Place of publication, distribution, etc KOLKATTA
Name of publisher, distributor, etc EASTERN LAW HOUSE
Year of Publication 2007
300 ## - PAGE DESCRIPTION
No. of Pages 1470
942 ## - ADDED ENTRY ELEMENTS (KOHA)
Source of classification or shelving scheme Dewey Decimal Classification
Koha item type Books
Holdings
Withdrawn status Lost status Source of classification or shelving scheme Damaged status Not for loan Collection code Home library Current library Shelving location Date acquired SGTU Total Checkouts Full call number Accession No. (Barcode) Date last seen Date last borrowed Bill Date Koha item type
    Dewey Decimal Classification     LAW SGT Science & Social Sciences Library SGT Science & Social Sciences Library Text Book 07/06/2025 SGTU 1 346.054 SAR FL3850 21/08/2025 21/08/2025 07/06/2025 Books